000 01356 a2200241 4500
005 20080918143013.0
008 080918t xxu||||| |||| 00| 0 hin d
010 _aHIN-81084
020 _c150.00
_a8171245366
035 _aHN-53430
037 _bपु.प्र.अ.प्र/प्रका
082 _a821
245 _aअर्थवेद का काव्यःअर्थवेद के चुने हुए सूक्तों का अनुवाद
_cअनुवादक राधावल्लभ त्रिपाठी
246 _aAtharvaveda ka kavya
_bTran by Radhavallabh Tripathi
260 _aवाराणसी
_bविश्वविद्यालय प्रकाशन
_c2007
270 _aपो.बाँ 1149, विशालाक्षी भवन, चौक
_bवाराणसी
_e221001
_k0542 2413741, 2413082
_mvvp@vsnl.com
300 _a134पृ
_c22 सेमी (सजिल्द)
650 _aहिन्दी कविताएँ
650 _aHindi Pomes
700 _aत्रिपाठी, राधावल्लभ
942 _adpl
_cHN
_k821 / अर्थवे
_2ddc
_h821
_mअर्थवे
999 _c7648
_d7648